000
00331 as a2200145 a 4500
001
62543
008
s 9999sw |||p r|||||||||||swe||
022
_a
2002-6005
084
_a
(p)
_2
kssb/8
245
0
0
_a
Sjukhusläkaren
260
_a
Stockholm
_b
Sjukhusläkarna
_c
2001
310
_a
6 nr / år
762
0
_w
62546
762
0
_w
65613
999
_c
7244
_d
7244